MARC details
| 000 -LEADER |
| fixed length control field |
02084nam a2200265 a 4500 |
| 008 - FIXED-LENGTH DATA ELEMENTS--GENERAL INFORMATION |
| fixed length control field |
120416s1998 ||||||||||||||||| || u |
| 020 ## - INTERNATIONAL STANDARD BOOK NUMBER |
| International Standard Book Number |
1557756961 |
| 050 ## - LIBRARY OF CONGRESS CALL NUMBER |
| Classification number |
IMF(02) |
| 100 ## - MAIN ENTRY--PERSONAL NAME |
| Personal name |
Aghevli, Bijan B |
| 245 10 - TITLE STATEMENT |
| Title |
Structural change in Japan: macroeconomic impact and policy challenges |
| 260 ## - PUBLICATION, DISTRIBUTION, ETC. |
| Place of publication, distribution, etc. |
Washington, D.C.: |
| Name of publisher, distributor, etc. |
International Monetary Fund |
| Date of publication, distribution, etc. |
1998 |
| 300 ## - PHYSICAL DESCRIPTION |
| Extent |
v, 244p.: ill. |
| 350 ## - PRICE (NR) (BK AM CF MU VM SE) [OBSOLETE] |
| Price |
0.00 |
| 500 ## - GENERAL NOTE |
| General note |
"This volume is based on a seminar on structural change in Japan held in early 1997 and chaired by the IMF's First Deputy Managing Director, Stanley Fischer"--P. 4 of cover. -Includes bibliographical references. - Contents:Introduction / Stanley Fischer -- The yen : summary of staff views / Bijan B. Aghevli -- The yen : past movements and future prospects / Guy Meredith -- External sector : summary of staff views / Bijan B. Aghevli -- Japanese foreign direct investment and regional trade / Tamim Bayoumi and Gabrielle Lipworth -- Monetary policy : summary of staff views / Guy Meredith -- Structural change and information content of financial variables for monetary policy / Christopher Towe -- Background paper : a reexamination of indicators of monetary and financial conditions / Gabrielle Lipworth and Guy Meredith -- Fiscal policy : summary of staff views / Guy Meredith -- The Japanese fiscal system and fiscal transparency / Tamim Bayoumi -- Background paper : Japan's medium- and long-term fiscal challenges / Kenji Okamura -- Concluding remarks. |
| 650 ## - SUBJECT ADDED ENTRY--TOPICAL TERM |
| Topical term or geographic name entry element |
MONETARY POLICY--JAPAN--CONGRESSES |
| 650 ## - SUBJECT ADDED ENTRY--TOPICAL TERM |
| Topical term or geographic name entry element |
JAPAN-- ECONOMIC POLICY-- 1989--CONGRESSES |
| 650 ## - SUBJECT ADDED ENTRY--TOPICAL TERM |
| Topical term or geographic name entry element |
BALANCE OF PAYMENTS--JAPAN--CONGRESSES |
| 650 ## - SUBJECT ADDED ENTRY--TOPICAL TERM |
| Topical term or geographic name entry element |
FISCAL POLICY--JAPAN--CONGRESSES |
| 650 ## - SUBJECT ADDED ENTRY--TOPICAL TERM |
| Topical term or geographic name entry element |
FOREIGN EXCHANGE RATES--JAPAN--CONGRESSES |
| 650 ## - SUBJECT ADDED ENTRY--TOPICAL TERM |
| Topical term or geographic name entry element |
STRUCTURAL ADJUSTMENT (ECONOMIC POLICY)--JAPAN--CONGRESSES |
| 700 ## - ADDED ENTRY--PERSONAL NAME |
| Personal name |
Meredith, Guy |
| 700 ## - ADDED ENTRY--PERSONAL NAME |
| Personal name |
Bayoumi, Tamim A |
| 710 ## - ADDED ENTRY--CORPORATE NAME |
| Corporate name or jurisdiction name as entry element |
International Monetary Fund |
| 995 ## - RECOMMENDATION 995 [LOCAL, UNIMARC FRANCE] |
| -- |
0.00 |
| -- |
CBU-MAIN LIBRARY (Kitwe) |
| -- |
1 |
| -- |
26.00 |
| -- |
1 |
| -- |
AVAILABLE |
| -- |
Annex Low-Usage Collection |